| 000 -LEADER |
| fixed length control field |
00635pam a2200217 a 4500 |
| 005 - DATE AND TIME OF LATEST TRANSACTION |
| control field |
20131021093407.0 |
| 008 - FIXED-LENGTH DATA ELEMENTS--GENERAL INFORMATION |
| fixed length control field |
960412s1996 nyuab b 001 0 eng |
| 020 ## - INTERNATIONAL STANDARD BOOK NUMBER |
| International Standard Book Number |
0312107927 |
| 041 0# - LANGUAGE CODE |
| Language code of text/sound track or separate title |
eng |
| 080 ## - UNIVERSAL DECIMAL CLASSIFICATION NUMBER |
| Universal Decimal Classification number |
323.1 |
| 100 1# - Rafti |
| Rafti |
Bell, Andrew |
| 100 1# - Rafti |
| -- |
(Andrew Villen) |
| 245 10 - TITLE STATEMENT |
| Title |
Ethnic cleansing / |
| Statement of responsibility, etc |
Andrew Bell-Fialkoff. |
| 250 ## - |
| -- |
1st. ed. |
| 260 ## - |
| -- |
New York : |
| -- |
St. Martin's Press, |
| -- |
1996. |
| 300 ## - |
| -- |
346 p. : |
| -- |
ill., maps ; |
| -- |
22 cm. |
| 504 ## - BIBLIOGRAPHY, ETC. NOTE |
| Bibliography, etc |
Includes bibliographical references (p. [289]-332) and index. |
| 650 #0 - |
| -- |
Politika e brendshme |
| 650 #0 - |
| -- |
Migrimi |
| 650 #0 - |
| -- |
Lëvizjet kombëtare |
| 942 ## - ADDED ENTRY ELEMENTS (KOHA) |
| Source of classification or shelving scheme |
|
| Item type |
Books |